000 00371cam a2200145ua 4500
041 _aeng
_h
082 _a370.1
_bMUK/ED
100 _aMukelj, s.n .
245 _aEducation in India: Tady and Tomarrow /
_cMukelj, S.N.
_hTextual Documents
260 _aBaroda :
_bAcharya book depot ,
_c1964.
300 _a514 ; .
504 _a
942 _cBK
999 _c12208
_d12208